[Event "GER-ch53 V02 email"]
[Site "GER email"]
[Date "2021.04.21"]
[Round "?"]
[White "Heinke, Richard"]
[Black "Mueller, Detlef"]
[Result "1/2-1/2"]
[WhiteElo "2099"]
[BlackElo "2169"]
[PlyCount "35"]
[EventDate "2021.04.21"]
[EventType "tourn (corr)"]
[EventRounds "10"]
[EventCountry "GER"]
[SourceTitle "Corr 2024"]
[Source "ChessBase"]
[SourceDate "2023.10.19"]
[SourceVersion "1"]
[SourceVersionDate "2023.10.19"]
[SourceQuality "1"]

1. d4 Nf6 2. c4 e6 3. Nf3 d5 4. Nc3 dxc4 5. e4 Bb4 6. Bg5 c5 7. e5 cxd4 8. Nxd4 Qa5 9. exf6 Bxc3+ 10. bxc3 Qxg5 11. fxg7 Qxg7 12. Qd2 0-0 13. Bxc4 Rd8 14. Qe3 Bd7 15. 0-0 Nc6 16. Nf3 Ne7 17. Ne5 Be8 18. Rad1 1/2-1/2

[Event "GER-ch53 V02 email"]
[Site "GER email"]
[Date "2021.04.21"]
[Round "?"]
[White "Raessler, Arndt"]
[Black "Heinke, Richard"]
[Result "1/2-1/2"]
[WhiteElo "2107"]
[BlackElo "2099"]
[PlyCount "60"]
[EventDate "2021.04.21"]
[EventType "tourn (corr)"]
[EventRounds "10"]
[EventCountry "GER"]
[SourceTitle "Corr 2024"]
[Source "ChessBase"]
[SourceDate "2023.10.19"]
[SourceVersion "1"]
[SourceVersionDate "2023.10.19"]
[SourceQuality "1"]

1. d4 Nf6 2. c4 e6 3. Nf3 d5 4. Nc3 c6 5. Bg5 h6 6. Bxf6 Qxf6 7. e3 g6 8. Bd3 Bg7 9. 0-0 0-0 10. e4 dxe4 11. Nxe4 Qd8 12. c5 Bxd4 13. Nxd4 Qxd4 14. Qc2 Nd7 15. Rad1 Qg7 16. Rfe1 Nf6 17. Nd6 Nd5 18. Bc4 Qf6 19. Bb3 Rb8 20. Qd2 h5 21. Ne4 Qe5 22. Qc1 b6 23. Bc4 Qf4 24. Rd2 Kg7 25. b4 bxc5 26. bxc5 h4 27. h3 Bd7 28. Bxd5 cxd5 29. Qc3+ f6 30. Nd6 Qb4 1/2-1/2

[Event "GER-ch53 V02 email"]
[Site "GER email"]
[Date "2021.04.21"]
[Round "?"]
[White "Schuster, Ullrich"]
[Black "Heinke, Richard"]
[Result "1/2-1/2"]
[WhiteElo "2116"]
[BlackElo "2099"]
[PlyCount "44"]
[EventDate "2021.04.21"]
[EventType "tourn (corr)"]
[EventRounds "10"]
[EventCountry "GER"]
[SourceTitle "Corr 2024"]
[Source "ChessBase"]
[SourceDate "2023.10.19"]
[SourceVersion "1"]
[SourceVersionDate "2023.10.19"]
[SourceQuality "1"]

1. e4 c5 2. Nf3 d6 3. d4 cxd4 4. Nxd4 Nf6 5. Nc3 a6 6. Be3 e5 7. Nb3 Be6 8. f3 Be7 9. Qd2 0-0 10. 0-0-0 Nbd7 11. g4 b5 12. g5 Nh5 13. Kb1 Nb6 14. Na5 Qc7 15. Nd5 Nxd5 16. exd5 Bf5 17. Nc6 f6 18. h4 Ng3 19. Rg1 Nxf1 20. Rgxf1 fxg5 21. hxg5 Bg6 22. f4 exf4 1/2-1/2

[Event "GER-ch52 V11 email"]
[Site "GER email"]
[Date "2020.04.16"]
[Round "?"]
[White "Berg, Juergen"]
[Black "Heinke, Richard"]
[Result "1/2-1/2"]
[WhiteElo "2281"]
[BlackElo "2323"]
[PlyCount "63"]
[EventDate "2020.??.??"]
[EventType "tourn (corr)"]
[EventRounds "10"]
[EventCountry "GER"]
[SourceTitle "Corr 2022"]
[Source "ChessBase"]
[SourceDate "2021.10.24"]
[SourceVersion "1"]
[SourceVersionDate "2021.10.24"]
[SourceQuality "1"]

1. d4 d5 2. c4 c6 3. cxd5 cxd5 4. Bf4 Nc6 5. e3 Nf6 6. Nc3 a6 7. Be2 e6 8. Nf3 Be7 9. h3 0-0 10. 0-0 b5 11. a4 b4 12. Nb1 Bb7 13. Nbd2 Na5 14. Nb3 Ne4 15. Nxa5 Qxa5 16. Nd2 Nxd2 17. Qxd2 Rfc8 18. Rfc1 Bc6 19. Bd1 Qd8 20. b3 Bb7 21. Ra2 Rxc1 22. Qxc1 Rc8 23. Rc2 Rxc2 24. Qxc2 Bd6 25. Bxd6 Qxd6 26. a5 Qc6 27. Qxc6 Bxc6 28. Be2 Bb7 29. Kh2 f6 30. Kg3 Kf7 31. Kg4 Bc8 32. Kh4 1/2-1/2

[Event "GER-ch52 V11 email"]
[Site "GER email"]
[Date "2020.04.16"]
[Round "?"]
[White "Ketelhoehn, Bernd"]
[Black "Heinke, Richard"]
[Result "1-0"]
[WhiteElo "2367"]
[BlackElo "2323"]
[PlyCount "89"]
[EventDate "2020.??.??"]
[EventType "tourn (corr)"]
[EventRounds "10"]
[EventCountry "GER"]
[SourceTitle "Corr 2022"]
[Source "ChessBase"]
[SourceDate "2021.10.24"]
[SourceVersion "1"]
[SourceVersionDate "2021.10.24"]
[SourceQuality "1"]

1. e4 c5 2. Nf3 Nc6 3. d4 cxd4 4. Nxd4 Nf6 5. Nc3 e5 6. Ndb5 d6 7. Nd5 Nxd5 8. exd5 Nb8 9. a4 Be7 10. Bd2 0-0 11. a5 f5 12. Be2 Bd7 13. 0-0 Be8 14. f3 Nd7 15. Bb4 a6 16. Na3 f4 17. Nc4 Rf6 18. Bd3 Bf7 19. Ra3 Kh8 20. Be4 Rb8 21. Qd3 Bf8 22. Rb3 Rh6 23. Bf5 Bg6 24. Bxg6 Rxg6 25. Kh1 Qg5 26. Rf2 Qh5 27. Nd2 Nf6 28. h3 Be7 29. c4 Rd8 30. Ne4 Kg8 31. Rc2 Qf5 32. Be1 Qc8 33. Rbc3 Kh8 34. b4 Rd7 35. Rb3 Bd8 36. c5 dxc5 37. Rxc5 Qb8 38. Rbc3 Nxe4 39. Qxe4 Qd6 40. b5 axb5 41. Rxb5 h6 42. Rcb3 Qa6 43. Rb1 Rf6 44. Bc3 Rff7 45. Bxe5 1-0

[Event "MVP-ch Seniors op 19th"]
[Site "Ostseebad Binz"]
[Date "2019.12.03"]
[Round "7"]
[White "Perk, Egbert"]
[Black "Heinke, Richard"]
[Result "1-0"]
[WhiteElo "1745"]
[BlackElo "1605"]
[PlyCount "107"]
[EventDate "2019.11.27"]
[EventType "swiss"]
[EventRounds "9"]
[EventCountry "GER"]
[SourceTitle "EXT 2021"]
[Source "ChessBase"]
[SourceDate "2020.10.23"]
[SourceVersion "1"]
[SourceVersionDate "2020.10.23"]
[SourceQuality "1"]

1. Nf3 Nf6 2. c4 e6 3. d4 d5 4. e3 Be7 5. Bd3 dxc4 6. Bxc4 0-0 7. 0-0 c6 8. a3 a5 9. Nc3 Nbd7 10. a4 Qc7 11. Qe2 b6 12. e4 e5 13. d5 cxd5 14. exd5 Bb7 15. Bg5 Rac8 16. b3 Bd6 17. Rfd1 Rfe8 18. Nb5 Qb8 19. Nxd6 Qxd6 20. Qd2 Rc5 21. Be3 Rcc8 22. Ng5 h6 23. Nf3 Ng4 24. h3 Nxe3 25. Qxe3 e4 26. Nh4 Re5 27. g4 Rd8 28. Nf5 Qf6 29. Rd4 Nc5 30. Rad1 Bc8 31. Ng3 Rd6 32. Nxe4 Nxe4 33. Rxe4 Rxe4 34. Qxe4 Be6 35. Rd4 Bc8 36. Qf4 Qe7 37. Re4 Qd8 38. Re8+ Qxe8 39. Qxd6 Qe1+ 40. Kg2 Qe4+ 41. Kg3 Bb7 42. Qb8+ Kh7 43. Qxb7 Qe5+ 44. Kg2 Qe4+ 45. Kg1 Qe1+ 46. Bf1 Qd2 47. Qxb6 Qxd5 48. Qe3 Qd1 49. Kg2 Qd5+ 50. f3 g6 51. Bc4 Qd7 52. Qf4 Kg7 53. Qe5+ Kh7 54. Qxa5 1-0

[Event "MVP-ch Seniors op 19th"]
[Site "Ostseebad Binz"]
[Date "2019.11.30"]
[Round "4"]
[White "Heinke, Richard"]
[Black "Lehr, Thomas"]
[Result "0-1"]
[WhiteElo "1605"]
[BlackElo "1894"]
[PlyCount "56"]
[EventDate "2019.11.27"]
[EventType "swiss"]
[EventRounds "9"]
[EventCountry "GER"]
[SourceTitle "EXT 2021"]
[Source "ChessBase"]
[SourceDate "2020.10.23"]
[SourceVersion "1"]
[SourceVersionDate "2020.10.23"]
[SourceQuality "1"]

1. d4 Nf6 2. c4 d6 3. Nf3 c6 4. Nc3 Qc7 5. e3 e5 6. Bd3 Bg4 7. 0-0 Be7 8. h3 Bh5 9. Be2 Nbd7 10. Nh4 Bxe2 11. Qxe2 0-0 12. Nf5 Rfe8 13. dxe5 dxe5 14. e4 Nf8 15. g4 Ne6 16. g5 Nd7 17. Qg4 Ndc5 18. b3 Nd3 19. Be3 Rad8 20. h4 Ndf4 21. Ne2 Bf8 22. Kh1 g6 23. Nfg3 Rd3 24. h5 Be7 25. hxg6 hxg6 26. Rg1 Kg7 27. Nf5+ gxf5 28. exf5 Rh8+ 0-1

[Event "MVP-ch Seniors op 19th"]
[Site "Ostseebad Binz"]
[Date "2019.11.29"]
[Round "3"]
[White "Hellwege, Werner"]
[Black "Heinke, Richard"]
[Result "1/2-1/2"]
[WhiteElo "1830"]
[BlackElo "1605"]
[PlyCount "59"]
[EventDate "2019.11.27"]
[EventType "swiss"]
[EventRounds "9"]
[EventCountry "GER"]
[SourceTitle "EXT 2021"]
[Source "ChessBase"]
[SourceDate "2020.10.23"]
[SourceVersion "1"]
[SourceVersionDate "2020.10.23"]
[SourceQuality "1"]

1. d4 d5 2. c4 c6 3. Nf3 Nf6 4. Qc2 e6 5. g3 Bd6 6. Bg2 0-0 7. 0-0 Nbd7 8. Nc3 b6 9. b3 Bb7 10. Bb2 Rc8 11. Rac1 a6 12. Qb1 Qc7 13. Rfe1 dxc4 14. bxc4 c5 15. e4 cxd4 16. Nxd4 Be5 17. Na4 Nc5 18. Nxc5 Qxc5 19. Nb3 Qc7 20. Ba3 Rfd8 21. f4 Bd4+ 22. Nxd4 Rxd4 23. Bb2 Rxc4 24. Rxc4 Qxc4 25. Bxf6 Qc5+ 26. Kh1 gxf6 27. h4 f5 28. exf5 Bxg2+ 29. Kxg2 Qd5+ 30. Kf2 1/2-1/2

[Event "MVP-ch Seniors op 18th"]
[Site "Ostseebad Binz"]
[Date "2018.12.06"]
[Round "9"]
[White "Heinke, Richard"]
[Black "Ketelsen, Herbert"]
[Result "1/2-1/2"]
[WhiteElo "1589"]
[BlackElo "1611"]
[PlyCount "46"]
[EventDate "2018.11.28"]
[EventType "swiss"]
[EventRounds "9"]
[EventCountry "GER"]
[SourceTitle "CBM 188 Extra"]
[Source "ChessBase"]
[SourceDate "2019.02.26"]
[SourceVersion "1"]
[SourceVersionDate "2019.02.26"]
[SourceQuality "1"]

1. d4 d5 2. c4 e6 3. Nf3 Nf6 4. Bg5 Be7 5. Nc3 Nbd7 6. e3 b6 7. Bd3 Bb7 8. 0-0 0-0 9. Rc1 Rc8 10. a4 dxc4 11. Bxc4 c5 12. dxc5 Rxc5 13. Bxf6 Nxf6 14. Be2 Qc7 15. Nb5 Qb8 16. Rxc5 Bxc5 17. Qc1 Rc8 18. Qb1 Bc6 19. Rd1 Nd5 20. Ng5 g6 21. Ne4 Be7 22. b3 f5 23. Nec3 Nxc3 1/2-1/2

[Event "MVP-ch Seniors op 18th"]
[Site "Ostseebad Binz"]
[Date "2018.12.02"]
[Round "5"]
[White "Heinke, Richard"]
[Black "Peter, Volkhard"]
[Result "1-0"]
[WhiteElo "1589"]
[BlackElo "1736"]
[PlyCount "87"]
[EventDate "2018.11.28"]
[EventType "swiss"]
[EventRounds "9"]
[EventCountry "GER"]
[SourceTitle "CBM 188 Extra"]
[Source "ChessBase"]
[SourceDate "2019.02.26"]
[SourceVersion "1"]
[SourceVersionDate "2019.02.26"]
[SourceQuality "1"]

1. d4 Nf6 2. c4 e5 3. dxe5 Ng4 4. Nf3 Bc5 5. e3 Nc6 6. Qd5 Qe7 7. a3 Ngxe5 8. Nxe5 Nxe5 9. b4 c6 10. Qxc5 d6 11. Qd4 Be6 12. Be2 c5 13. Qe4 f5 14. Qc2 0-0 15. 0-0 Qh4 16. Nd2 f4 17. Nf3 Nxf3+ 18. Bxf3 Bf5 19. Be4 Bxe4 20. Qxe4 Rae8 21. Qd5+ Kh8 22. exf4 Rf6 23. Qg5 Qh6 24. Qxh6 Rxh6 25. Be3 b6 26. Rad1 Re4 27. bxc5 bxc5 28. Bxc5 Rxc4 29. Rxd6 Rxd6 30. Bxd6 Kg8 31. g3 Kf7 32. Re1 a6 33. Re7+ Kg6 34. Ra7 Rc6 35. Bb4 Kh6 36. Kg2 Rg6 37. Rd7 Kh5 38. Rd6 Rf6 39. Rxf6 gxf6 40. h3 f5 41. Kf1 Kg6 42. Ke2 h5 43. Kd3 Kf6 44. Kc4 1-0

[Event "GER CM05-A email"]
[Site "GER email"]
[Date "2018.06.19"]
[Round "?"]
[White "Heinke, Richard"]
[Black "Bars, Joachim"]
[Result "1/2-1/2"]
[WhiteElo "2365"]
[BlackElo "2377"]
[PlyCount "59"]
[EventDate "2018.??.??"]
[EventType "tourn (corr)"]
[EventRounds "10"]
[EventCountry "GER"]
[SourceTitle "Corr 2020"]
[Source "ChessBase"]
[SourceDate "2019.09.30"]
[SourceVersion "1"]
[SourceVersionDate "2019.09.30"]
[SourceQuality "1"]

1. d4 Nf6 2. c4 e6 3. g3 d5 4. Nf3 Bb4+ 5. Bd2 Be7 6. Bg2 0-0 7. 0-0 c6 8. Qc2 b6 9. Rd1 Nbd7 10. b3 Ba6 11. Bf4 Rc8 12. Nc3 h6 13. h3 Re8 14. e4 dxc4 15. Nd2 b5 16. bxc4 bxc4 17. Bf1 c5 18. d5 exd5 19. Nxd5 Nxd5 20. exd5 Nb6 21. Nxc4 Nxc4 22. Bxc4 Bxc4 23. Qxc4 Bf6 24. Rab1 Qd7 25. d6 g5 26. Be3 Rxe3 27. fxe3 Qxh3 28. Qd5 Qxg3+ 29. Kf1 Re8 30. Rb3 1/2-1/2

[Event "GER CM05-A email"]
[Site "GER email"]
[Date "2018.06.19"]
[Round "?"]
[White "Simal Moreira, Leonardo"]
[Black "Heinke, Richard"]
[Result "1/2-1/2"]
[WhiteElo "2384"]
[BlackElo "2365"]
[PlyCount "60"]
[EventDate "2018.??.??"]
[EventType "tourn (corr)"]
[EventRounds "10"]
[EventCountry "GER"]
[SourceTitle "Corr 2020"]
[Source "ChessBase"]
[SourceDate "2019.09.30"]
[SourceVersion "1"]
[SourceVersionDate "2019.09.30"]
[SourceQuality "1"]

1. d4 Nf6 2. c4 e6 3. Nf3 d5 4. Nc3 c6 5. e3 Nbd7 6. Bd3 dxc4 7. Bxc4 b5 8. Bd3 Bb7 9. 0-0 a6 10. e4 c5 11. d5 Qc7 12. dxe6 fxe6 13. Bc2 Bd6 14. Ng5 Nf8 15. f4 h6 16. e5 0-0-0 17. Nf7 Qxf7 18. exd6 Qd7 19. Re1 Rg8 20. a4 b4 21. Ne4 Nxe4 22. Bxe4 Qxd6 23. Bxb7+ Kxb7 24. Be3 Qxd1 25. Raxd1 Ng6 26. Bxc5 Rxd1 27. Rxd1 Nxf4 28. Bxb4 Nd5 29. Ba3 Kc7 30. Rf1 h5 1/2-1/2

[Event "MVP-ch Seniors op 17th"]
[Site "Binz"]
[Date "2017.12.04"]
[Round "6.70"]
[White "Schwarzwald, Holger"]
[Black "Heinke, Richard"]
[Result "1-0"]
[WhiteElo "1717"]
[BlackElo "1585"]
[PlyCount "55"]
[EventDate "2017.11.29"]
[EventType "swiss"]
[EventRounds "9"]
[EventCountry "GER"]
[SourceTitle "EXT 2019"]
[Source "ChessBase"]
[SourceDate "2018.10.10"]
[SourceVersion "1"]
[SourceVersionDate "2018.10.10"]
[SourceQuality "1"]

1. f4 d5 2. Nf3 g6 3. e3 Bg7 4. c3 Nf6 5. Be2 0-0 6. 0-0 c5 7. d3 b6 8. Nbd2 Bb7 9. Ne5 Nfd7 10. Ndf3 Nxe5 11. fxe5 Nd7 12. d4 c4 13. h3 e6 14. Nh2 f6 15. exf6 Nxf6 16. Bf3 Qd6 17. a4 Qg3 18. Bd2 Rf7 19. Qe2 Bf8 20. Be1 Qc7 21. Bh4 Bc8 22. Rf2 Bd6 23. Nf1 e5 24. Bxf6 Rxf6 25. Bxd5+ Kg7 26. Rxf6 Kxf6 27. Qf2+ Kg7 28. Bxa8 1-0

[Event "MVP-ch Seniors op 17th"]
[Site "Binz"]
[Date "2017.12.03"]
[Round "5.75"]
[White "Heinke, Richard"]
[Black "Neumann, Horst"]
[Result "1/2-1/2"]
[WhiteElo "1585"]
[BlackElo "1695"]
[PlyCount "34"]
[EventDate "2017.11.29"]
[EventType "swiss"]
[EventRounds "9"]
[EventCountry "GER"]
[SourceTitle "EXT 2019"]
[Source "ChessBase"]
[SourceDate "2018.10.10"]
[SourceVersion "1"]
[SourceVersionDate "2018.10.10"]
[SourceQuality "1"]

1. d4 d5 2. c4 dxc4 3. e3 e5 4. Bxc4 exd4 5. exd4 Nf6 6. Nf3 Bb4+ 7. Nc3 Qe7+ 8. Be3 Bg4 9. 0-0 0-0 10. Bg5 Nbd7 11. Re1 Qd8 12. Re3 c6 13. Qb3 Qa5 14. Bxf6 Bxf3 15. Rxf3 Nxf6 16. Re1 Bxc3 17. bxc3 Qc7 1/2-1/2

[Event "MVP-ch Seniors op 17th"]
[Site "Binz"]
[Date "2017.12.02"]
[Round "4.64"]
[White "Schuetze, Manfred"]
[Black "Heinke, Richard"]
[Result "1-0"]
[WhiteElo "1841"]
[BlackElo "1585"]
[PlyCount "93"]
[EventDate "2017.11.29"]
[EventType "swiss"]
[EventRounds "9"]
[EventCountry "GER"]
[SourceTitle "EXT 2019"]
[Source "ChessBase"]
[SourceDate "2018.10.10"]
[SourceVersion "1"]
[SourceVersionDate "2018.10.10"]
[SourceQuality "1"]

1. e4 c5 2. Nc3 a6 3. Nf3 Nc6 4. a4 d6 5. Bc4 e6 6. d4 cxd4 7. Nxd4 Nf6 8. 0-0 Be7 9. Be3 0-0 10. Nxc6 bxc6 11. Be2 Bb7 12. a5 Qc7 13. f3 Rfd8 14. Bb6 Qd7 15. Bxd8 Rxd8 16. Qe1 Qc7 17. Qg3 e5 18. Kh1 d5 19. Bd3 d4 20. Ne2 Bb4 21. f4 exf4 22. Qxf4 Bxa5 23. Qxc7 Bxc7 24. Bxa6 Ba8 25. Ng3 c5 26. Bd3 Bd6 27. Rfe1 Bf8 28. b3 Ng4 29. Kg1 Ne3 30. Nf1 Ng4 31. h3 Nf6 32. Nd2 Re8 33. Bb5 Rb8 34. Bc4 Bc6 35. Ra7 Be8 36. Rf1 Rb6 37. e5 Nd7 38. e6 fxe6 39. Bd3 Nf6 40. Nc4 Rb8 41. Re1 Bf7 42. Ne5 Be8 43. Ra6 Bf7 44. Nxf7 Kxf7 45. Raxe6 h6 46. Ra6 Nh5 47. Bg6+ 1-0

[Event "MVP-ch Seniors op 17th"]
[Site "Binz"]
[Date "2017.12.01"]
[Round "3.78"]
[White "Heinke, Richard"]
[Black "Rosmann, Armin"]
[Result "1-0"]
[WhiteElo "1585"]
[BlackElo "1733"]
[PlyCount "59"]
[EventDate "2017.11.29"]
[EventType "swiss"]
[EventRounds "9"]
[EventCountry "GER"]
[SourceTitle "EXT 2019"]
[Source "ChessBase"]
[SourceDate "2018.10.10"]
[SourceVersion "1"]
[SourceVersionDate "2018.10.10"]
[SourceQuality "1"]

1. d4 d5 2. c4 e6 3. Nc3 Nf6 4. Nf3 Be7 5. Bg5 Nc6 6. a3 a5 7. e3 Ne4 8. Bxe7 Nxe7 9. Qc2 Nxc3 10. bxc3 h6 11. Bd3 Nf5 12. cxd5 0-0 13. dxe6 fxe6 14. 0-0 b6 15. Ne5 Bb7 16. g4 Qg5 17. f4 Nxe3 18. Qe2 Rxf4 19. Rxf4 Qxf4 20. Rf1 Nxf1 21. Qxf1 Qe3+ 22. Qf2 Qxf2+ 23. Kxf2 Kf8 24. Ng6+ Kf7 25. h4 c5 26. dxc5 bxc5 27. Ne5+ Ke7 28. g5 hxg5 29. hxg5 Rh8 30. Ng6+ 1-0